00442nam a2200157Ia 4500008004100000082002100041100002200062245002500084260003500109300002200144365000800166520003000174630002500204650003000229730002500259100920s9999 xx 000 0 und d b100558a8 न 03 aSENGUPTA MANDIRA. aTHE QUEEN OF JHANSI. bSEAGULL BOOKS, CALCUTTA.c2003 a285bसाधी b295 aहिस्ट्नी. aTHE QUEEN OF JHANSI. aहिस्ट्नी. aTHE QUEEN OF JHANSI.